The next step quiz - Statistics

General Stats
  • This quiz has been taken 4,779 times
    4,265 since last reset
  • The average score is 12 of 15
Answer Stats
Hint Answer % Correct
James's girlfriend riley
100%
Riley's boyfriend James
99%
Riley's older sister Emily
97%
Studio head of TNS Kate
92%
"Best dancer in the studio" Eldon
90%
Former elite dance captain in season 1 Amanda
88%
Leaves the next step to be in the nutcracker Chloe
88%
Former J trouper then in A truope Noah
87%
Very immature Hiphop dancer West
77%
Demoted to B truope-then moves up to A Giselle
72%
Likes to find "sweet spots" Thalia
70%
Kate's sister phoebe
66%
Head of rival Studio elite Lucien
65%
Aunt Cathy's husband and James's old driving instructor Arthur
34%
James's Mom Deborah
33%
No matching quizzes found
Score Distribution
Percent of People with Each Score
Percentile by Number Answered
Your Score History
You have not taken this quiz since the last reset